In our mothers' house /

Gespeichert in:
Bibliographische Detailangaben
1. Verfasser: Polacco, Patricia (Verfasst von)
Format: Buch
Sprache:Englisch
Veröffentlicht: New York : Philomel, c2009
Tags: Tag hinzufügen
Keine Tags, Fügen Sie das erste Tag hinzu!

MARC

LEADER 00000nam a22000007i 4500
001 IT\ICCU\UBO\3687942
003 ItRI
005 20260115232002.0
008 090914s2009 xxu|||||| ||||| |||||c
020 |a 9780399250767 
040 |b ita  |c importazione bologna sebina 
041 7 |a eng  |2 ISO-639-2 
100 1 |a Polacco, Patricia  |0 IT\ICCU\MODV\169596  |4 aut 
245 1 0 |a In our mothers' house /  |c Patricia Polacco. 
260 |a New York :  |b Philomel,  |c c2009 
300 |a 1 v. :  |b ill. ;  |c 29 cm 
500 |a Senza paginazione. 
942 |2 ddc  |c BK  |n 0 
952 |0 0  |1 0  |4 0  |6 R_741_642000000000000_POL  |7 0  |9 18507  |a BO  |b BO  |d 2026-01-15  |i 12976  |l 0  |o R 741.642 POL  |p BO12976  |r 2026-01-15 23:20:02  |w 2026-01-15  |x [Sebina 5] [1 v.]  |y BK  |z 1 v. 
999 |c 15671  |d 15671